When brown is green (Record no. 69677)

MARC details
000 -LEADER
fixed length control field 01309cam a2200217 4500
001 - CONTROL NUMBER
control field ABS65185
008 - FIXED-LENGTH DATA ELEMENTS--GENERAL INFORMATION
fixed length control field 020305n2002 000 0 eng u
035 ## - SYSTEM CONTROL NUMBER
System control number (Sirsi) u116974
100 ## - MAIN ENTRY--PERSONAL NAME
Personal name Edwards, M.
245 ## - TITLE STATEMENT
Title When brown is green
260 ## - PUBLICATION, DISTRIBUTION, ETC.
Date of publication, distribution, etc. 2002
490 ## - SERIES STATEMENT
Series statement Estates Gazette
Volume/sequential designation (0208) 23 February 2002, 158(1)
520 ## - SUMMARY, ETC.
Summary, etc. Highlights a recent case "Dodd v SoS Environment" [2002] which dealt with the redevelopment of brownfield land. Case concluded that permission to develop on brownfield land may be refused where the land falls outside the definition of 'previously developed land' contained in PPG 3. The claimants appeal to have decision to refuse planning permission reversed was refused. Decision hinged on whether the remains of a previous structure on the site had blended into the landscape. Could be interpreted by landowners that in order to prevent remains blending into the landscape, they could decide not to demolish remains of existing structures or prevent growth of vegetation, so that land can be redeveloped. However, this could lead to many sites becoming eyesores.
590 ## - LOCAL NOTE (RLIN)
Local note ABS
650 ## - SUBJECT ADDED ENTRY--TOPICAL TERM
Topical term or geographic name entry element BROWNFIELD LAND
650 ## - SUBJECT ADDED ENTRY--TOPICAL TERM
Topical term or geographic name entry element DODD V SOS ENVIRONMENT
650 ## - SUBJECT ADDED ENTRY--TOPICAL TERM
Topical term or geographic name entry element REDEVELOPMENT
690 ## - LOCAL SUBJECT ADDED ENTRY--TOPICAL TERM (OCLC, RLIN)
Topical term or geographic name as entry element Planning and development
9 (RLIN) 6259
700 ## - ADDED ENTRY--PERSONAL NAME
Personal name Martin, M.
942 ## - ADDED ENTRY ELEMENTS (KOHA)
Suppress in OPAC 0
Holdings
Withdrawn status Lost status Source of classification or shelving scheme Damaged status Not for loan Home library Current library Shelving location Date acquired Total Checkouts Full call number Barcode Date last seen Copy number Price effective from Koha item type
    Dewey Decimal Classification     London London Journal article 05/03/2002   ABS65185 116974-1001 06/08/2019 1 06/08/2019 Journal article